| LEADER |
01193nam0a2200229 450 |
| 001 |
16867813 |
| 010 |
|
|
|a 978-2-302-10444-0
|b cart.
|d 12,5
|
| 100 |
|
|
|a 20250703d2025 u u0frey01 ba
|
| 101 |
0 |
|
|a fre
|
| 102 |
|
|
|a FR
|
| 200 |
0 |
|
|a Clan des corbeaux (Le)
|f scénario Lylian
|g dessins Drouin - décors Farricella - couleurs Lorien
|
| 207 |
|
1 |
|a
|
| 215 |
|
|
|a 1 vol. (68 p.)
|c illustrations en couleur
|d 30 x 23 cm
|
| 330 |
|
|
|a Pour rejoindre le village, Léna, Mehdi, Louise et Flo quittent le village avec Yann, blessé et inconscient, et l'extraterrestre qu'ils ont capturé. Muette, la créature semble attendre son heure. Sur la route, le groupe découvre les conséquences de l'invasion : une ville ravagée dans laquelle un affrontement sans merci a eu lieu. C'est là qu'ils sont pris au piège par le terrible clan des Corbeaux.
|
| 461 |
|
0 |
|t Collège apocalypse
|v 03
|
| 700 |
|
0 |
|a Lylian
|f 1975-....
|4 70
|
| 701 |
|
0 |
|a Drouin
|b Paul
|f 1980-....
|4 440
|
| 701 |
|
0 |
|a Farricella
|b Arianna
|4 440
|
| 702 |
|
0 |
|a Lorien
|4 410
|
| 900 |
|
|
|a Bande Dessinée (enfants)
|
| 901 |
|
|
|a Jeunesse
|
| 995 |
|
|
|a Médiathèque
|c Médiathèque
|f 00156008864043
|h 00156008864043
|k BD LYL COL 3
|o p
|q j
|r az
|e Médiathèque
|